The nature of history in ancient Greece and Rome

Αποθηκεύτηκε σε:
Λεπτομέρειες βιβλιογραφικής εγγραφής
Κύριος συγγραφέας: Fornara, Charles W.
Μορφή: Βιβλίο
Γλώσσα:English
Δημοσίευση: Berkeley : University of California Press, c1983
Σειρά:Eidos (University of California Press)
Θέματα:
Ετικέτες: Προσθήκη ετικέτας
Δεν υπάρχουν, Καταχωρήστε ετικέτα πρώτοι!

MARC

LEADER 00000cam a2200000 i 4500
001 1/25213
008 981208s1983 eng d
020 |a 0-520-06332-5 
035 |l 10037280 
040 |a GR-MY-UA  |b gre  |e aacr 
041 0 |a eng 
082 0 |a 938 
100 1 |a Fornara, Charles W. 
245 1 4 |a The nature of history in ancient Greece and Rome /  |c Charles William Fornara 
260 |a Berkeley :   |b University of California Press,   |c c1983 
300 |a 215 p. 
490 1 |a Eidos (University of California Press) 
504 |a Includes index 
650 0 0 |a Historiography  |z Greece. 
650 0 0 |a Historiography  |z Italy  |z Rome. 
651 0 |a Greece  |x Historiography. 
651 0 |a Rome  |x Historiography. 
830 0 |a Eidos (University of California Press) 
852 |a INST  |b LESVOS  |e 19981208  |h 938 FOR  |p 005100017531  |q 005100017531  |t BK  |y 0 
901 |a BIBL-1999-1 
909 |a Λ  |b 060382 
922 |a 1ΕΛΗ  |b 199810  |c ΚΠΣ/ΤΚΑ  |d ΠΑΠΑΣΩΤΗΡΙΟΥ 
950 |a 117-1998-07-12